| 000 | 00766nam a22002417i 4500 | ||
|---|---|---|---|
| 999 |
_c4967 _d4967 |
||
| 003 | URS | ||
| 005 | 20220117120610.0 | ||
| 008 | 180507s1986 -cn||||| |||| 00| 0 eng d | ||
| 040 |
_erda _c 0 _beng |
||
| 050 |
_aHM133 _b.D64 1986 |
||
| 100 | _aDonaldson, Les | ||
| 245 | 1 | 0 |
_aHuman resource development : _cLes Donaldson. _bthe new trainer's guide / |
| 264 | 1 |
_aCanada: _bAddison-Wesley, _c[1986] |
|
| 264 | 4 | _c©1986 | |
| 300 |
_a195 pages: _c23 cm |
||
| 336 |
_atext _btxt _2rdacontent |
||
| 337 |
_aunmediated _bn _2rdamedia |
||
| 338 |
_avolume _bnc _2rdacarrier |
||
| 500 | _aBibliography | ||
| 524 | _aDonaldson, L. (1986). Human resource development : the new trainer's guide. Canada: Addison-Wesley. | ||
| 650 | 0 | _aGroup relations training | |
| 942 |
_2lcc _cFR |
||